000 00427nam a2200157 i 4500
001 150557
003 ES-MaACL
005 20230906203553.0
007 t|
008 071031s1967 sp ||||1| cat d
100 1 _aValeri, Lluis.
_9112648
245 1 0 _aEscala de Jacob
_b: poemes /
_cLluis Valeri.
260 _aBarcelona :
_b[Rafael Dalmau],
_c1967.
300 _a106 p. ;
_c24 cm.
852 _aES-MaACL
_jC-32351
_bR.63184
999 _c150557
_d150557